000
00222 a2200097 4500
001
47230
100
_a
Erickson, I
245
_a
The Military Technical Revolution
260
_a
London
_b
Pall Mall
_c
090
_c
30278
_d
30278
942
_a
NUST-CAE
_c
M
_c
22534
999
_c
282303
_d
282303